|
|
|
|
| LEADER |
00000cam a2200000 7i4500 |
| 001 |
0000003078 |
| 005 |
20040515.0 |
| 020 |
0 |
0 |
|a 184277235X
|
| 090 |
0 |
0 |
|a 341.75
|b KHO 2002
|
| 100 |
1 |
0 |
|a KHOR
|h Kok Peng
|
| 245 |
1 |
0 |
|a Intellectual property, biodiversity, and sustainable development :
|b resolving the difficult issues
|c Martin Khor
|
| 260 |
0 |
0 |
|a London ; New York :
|b Zed Books ; Penang, Malaysia :
|b Third World Network ,
|c 2002
|
| 300 |
|
|
|a 104 p. ;
|c 21 cm.
|
| 500 |
0 |
0 |
|a Includes bibliography : (p. [102]-104
|
| 650 |
0 |
0 |
|a Biological diversity
|
| 650 |
0 |
0 |
|a Intellectual property (International law)
|
| 650 |
0 |
0 |
|a Sustainable development
|
| 998 |
|
|
|a JPSM
|
| 999 |
|
|
|a 0000005507
|b Monograph
|c Open Shelf
|e Default branch
|